[Event "Barcelona Sant Marti op 12th"]
[Site "Barcelona"]
[Date "2010.07.15"]
[Round "3"]
[White "Mihailovs, Jurijs"]
[Black "Abreu Delgado, Aryam"]
[Result "1/2-1/2"]
[WhiteElo "2405"]
[BlackElo "2474"]
[PlyCount "99"]
[EventDate "2010.07.13"]
[EventType "swiss"]
[EventRounds "9"]
[EventCountry "ESP"]
[SourceTitle "CBM 137 Extra"]
[Source "ChessBase"]
[SourceDate "2010.09.01"]
[SourceVersion "1"]
[SourceVersionDate "2010.09.01"]
[SourceQuality "1"]

1. d4 Nf6 2. c4 g6 3. Nc3 d5 4. cxd5 Nxd5 5. e4 Nxc3 6. bxc3 Bg7 7. Bc4 c5 8. Ne2 Nc6 9. Be3 0-0 10. 0-0 Qc7 11. Rc1 Rd8 12. Qd2 Qa5 13. Qb2 b6 14. Rfd1 Ba6 15. Qb3 e6 16. a4 Bxc4 17. Qxc4 cxd4 18. cxd4 Rac8 19. Bd2 Qh5 20. Nf4 Qh4 21. Nxe6 Ne7 22. Nxd8 Rxc4 23. Rxc4 Qg4 24. Rdc1 Qd7 25. Nc6 Nxc6 26. Rxc6 Bxd4 27. Bf4 Kg7 28. h3 Qe7 29. R6c4 Bc5 30. R1c3 Qe6 31. Be3 Bxe3 32. fxe3 h5 33. Rd4 h4 34. Rc1 Qb3 35. Re1 a6 36. Kf2 b5 37. axb5 axb5 38. Kf3 Qc3 39. Rb1 Qc7 40. e5 Qxe5 41. Ke2 f5 42. Rb3 g5 43. Rdb4 Qg3 44. Kf1 g4 45. hxg4 fxg4 46. Rxb5 h3 47. Rb7+ Kf6 48. R7b6+ Kg7 49. Rb7+ Kf6 50. R7b6+ 1/2-1/2

[Event "Barbera del Valles op 33th"]
[Site "Barbera del Valles"]
[Date "2010.07.07"]
[Round "4"]
[White "Mihailovs, Jurijs"]
[Black "Gomez Jurado, Luis Alberto"]
[Result "0-1"]
[WhiteElo "2405"]
[BlackElo "2287"]
[PlyCount "66"]
[EventDate "2010.07.04"]
[EventType "swiss"]
[EventRounds "9"]
[EventCountry "ESP"]
[SourceTitle "CBM 137 Extra"]
[Source "ChessBase"]
[SourceDate "2010.09.01"]
[SourceVersion "1"]
[SourceVersionDate "2010.09.01"]
[SourceQuality "1"]

1. d4 Nf6 2. c4 e6 3. Nf3 Bb4+ 4. Nbd2 d5 5. Qa4+ Nc6 6. a3 Bxd2+ 7. Bxd2 0-0 8. Bf4 Ne7 9. e3 Ng6 10. Bg3 Ne4 11. Bd3 c5 12. 0-0-0 Bd7 13. Qc2 f5 14. Kb1 cxd4 15. Nxd4 Rc8 16. Bxe4 fxe4 17. Qb3 dxc4 18. Qxb7 c3 19. Nc2 Rf7 20. Rd6 Qe8 21. Qxe4 cxb2 22. Rhd1 e5 23. Qd5 Bc6 24. Qc4 Nf8 25. R1d2 Ba4 26. Qd5 Nd7 27. Re6 Qf8 28. Qd6 Nb6 29. Qxf8+ Rfxf8 30. Bxe5 Bxc2+ 31. Rxc2 Rxc2 32. Kxc2 Rxf2+ 33. Kb1 Nc4 0-1

[Event "Montcada op 18th"]
[Site "Montcada"]
[Date "2010.07.02"]
[Round "8"]
[White "Mihailovs, Jurijs"]
[Black "Karlsson, Lars"]
[Result "1-0"]
[WhiteElo "2405"]
[BlackElo "2453"]
[PlyCount "75"]
[EventDate "2010.06.25"]
[EventType "swiss"]
[EventRounds "9"]
[EventCountry "ESP"]
[SourceTitle "CBM 137 Extra"]
[Source "ChessBase"]
[SourceDate "2010.09.01"]
[SourceVersion "1"]
[SourceVersionDate "2010.09.01"]
[SourceQuality "1"]

1. d4 e6 2. c4 f5 3. Nf3 Nf6 4. Nc3 Bb4 5. Qb3 a5 6. a3 a4 7. Qc2 Bxc3+ 8. Qxc3 d6 9. Bg5 Nbd7 10. e3 h6 11. Bxf6 Qxf6 12. Bd3 e5 13. Bc2 e4 14. Nd2 c5 15. 0-0-0 0-0 16. f3 exf3 17. gxf3 Re8 18. Qd3 Nf8 19. Rhg1 Be6 20. f4 Rec8 21. d5 Bd7 22. Nb1 Re8 23. Nc3 Re7 24. Rg3 Qh4 25. Qd2 Rf7 26. Rdg1 Qe7 27. Bd1 Qf6 28. Kb1 Re7 29. Bc2 Rb8 30. Qd3 Ra8 31. Ka2 Kh8 32. R1g2 Qh4 33. Qf1 Nh7 34. Qg1 Nf6 35. Rxg7 Ng4 36. Rxe7 Qxe7 37. e4 Qf7 38. h3 1-0

[Event "Montcada op 18th"]
[Site "Montcada"]
[Date "2010.07.01"]
[Round "7"]
[White "Perpinya Rofes, Lluis Maria"]
[Black "Mihailovs, Jurijs"]
[Result "0-1"]
[WhiteElo "2344"]
[BlackElo "2405"]
[PlyCount "56"]
[EventDate "2010.06.25"]
[EventType "swiss"]
[EventRounds "9"]
[EventCountry "ESP"]
[SourceTitle "CBM 137 Extra"]
[Source "ChessBase"]
[SourceDate "2010.09.01"]
[SourceVersion "1"]
[SourceVersionDate "2010.09.01"]
[SourceQuality "1"]

1. e4 c5 2. Nf3 e6 3. d4 cxd4 4. Nxd4 a6 5. Nc3 Qc7 6. Be2 b5 7. 0-0 Bb7 8. Re1 Nc6 9. Nxc6 dxc6 10. e5 Rd8 11. Bd3 c5 12. Qh5 g6 13. Qh3 Bg7 14. Bg5 Ne7 15. a4 b4 16. Ne4 Bxe4 17. Rxe4 Bxe5 18. Bxa6 Bxb2 19. Bb5+ Kf8 20. Rae1 Bc3 21. Bc4 h6 22. Bf4 Qb7 23. Rxe6 Nf5 24. R6e5 Bxe1 25. Rxf5 Bc3 26. Bxh6+ Bg7 27. Bxg7+ Kxg7 28. Qg4 Rd4 0-1

[Event "Montcada op 18th"]
[Site "Montcada"]
[Date "2010.06.30"]
[Round "6"]
[White "Mihailovs, Jurijs"]
[Black "Sanchez Ibern, Marc"]
[Result "1/2-1/2"]
[WhiteElo "2405"]
[BlackElo "2241"]
[PlyCount "55"]
[EventDate "2010.06.25"]
[EventType "swiss"]
[EventRounds "9"]
[EventCountry "ESP"]
[SourceTitle "CBM 137 Extra"]
[Source "ChessBase"]
[SourceDate "2010.09.01"]
[SourceVersion "1"]
[SourceVersionDate "2010.09.01"]
[SourceQuality "1"]

1. d4 Nf6 2. c4 g6 3. Nc3 d5 4. cxd5 Nxd5 5. e4 Nxc3 6. bxc3 Bg7 7. Bc4 c5 8. Ne2 Nc6 9. Be3 0-0 10. 0-0 Bg4 11. f3 Na5 12. Bd5 cxd4 13. cxd4 Bc8 14. Bg5 h6 15. Bh4 g5 16. Bf2 e6 17. Bb3 Nxb3 18. axb3 b6 19. Ng3 Bb7 20. Qd2 f5 21. exf5 exf5 22. Rfe1 Bd5 23. Qd3 Qd7 24. Re2 Rf7 25. Rae1 Bc6 26. Re6 Bd5 27. R6e2 Bc6 28. Re6 1/2-1/2

[Event "Montcada op 18th"]
[Site "Montcada"]
[Date "2010.06.26"]
[Round "2"]
[White "Gonzalez Vidal, Yuri"]
[Black "Mihailovs, Jurijs"]
[Result "1-0"]
[WhiteElo "2543"]
[BlackElo "2405"]
[PlyCount "109"]
[EventDate "2010.06.25"]
[EventType "swiss"]
[EventRounds "9"]
[EventCountry "ESP"]
[SourceTitle "CBM 137 Extra"]
[Source "ChessBase"]
[SourceDate "2010.09.01"]
[SourceVersion "1"]
[SourceVersionDate "2010.09.01"]
[SourceQuality "1"]

1. d4 Nf6 2. c4 e6 3. Nc3 Bb4 4. e3 b6 5. Nge2 Bb7 6. a3 Be7 7. d5 0-0 8. e4 a5 9. Ng3 Na6 10. Be2 d6 11. 0-0 c6 12. Be3 Nc5 13. Rc1 Re8 14. b4 axb4 15. axb4 Ncd7 16. Qb3 Bf8 17. Rfd1 Qb8 18. Rb1 Qc7 19. Bf4 Ne5 20. Rbc1 Ng6 21. Be3 Ne5 22. h3 Ned7 23. Bf1 Qb8 24. Rb1 Qa7 25. dxe6 fxe6 26. Bf4 e5 27. Be3 Qa3 28. Qc2 Rec8 29. Nf5 d5 30. exd5 cxd5 31. Nb5 Qa4 32. Qxa4 Rxa4 33. Nfd6 Rb8 34. Nxb7 Rxb7 35. cxd5 Rxb4 36. d6 Rxb1 37. Rxb1 Nc5 38. Bc4+ Kh8 39. Ra1 Rb8 40. Bxc5 bxc5 41. Ra7 Rd8 42. Be6 g6 43. d7 Ne4 44. Rc7 Be7 45. Na7 Rf8 46. Nc6 Bg5 47. Nxe5 Bd8 48. Rc8 Kg7 49. Nc6 Bb6 50. d8Q Bxd8 51. Nxd8 Rxf2 52. Rc7+ Kf8 53. Bd5 Re2 54. Ne6+ Ke8 55. Bc6# 1-0

[Event "BL2-Nord 0910"]
[Site "Germany"]
[Date "2009.11.28"]
[Round "5.3"]
[White "Schmidt Schaeffer, Sebastian"]
[Black "Mihailovs, Jurijs"]
[Result "1-0"]
[WhiteElo "2398"]
[BlackElo "2398"]
[PlyCount "51"]
[EventDate "2009.10.18"]
[EventType "team-tourn"]
[EventRounds "9"]
[EventCountry "GER"]
[SourceTitle "EXT 2011"]
[Source "ChessBase"]
[SourceDate "2010.11.26"]
[SourceVersion "1"]
[SourceVersionDate "2010.11.26"]
[SourceQuality "1"]
[WhiteTeam "Kreuzberg"]
[BlackTeam "Neukloster"]
[WhiteTeamCountry "GER"]
[BlackTeamCountry "GER"]

1. f4 d5 2. Nf3 g6 3. e3 Bg7 4. Be2 Nd7 5. d4 Nh6 6. 0-0 0-0 7. c4 dxc4 8. Nc3 c5 9. d5 Nf5 10. e4 Nd4 11. Be3 Qb6 12. Qd2 e5 13. Bxc4 exf4 14. Bxf4 Nxf3+ 15. gxf3 Ne5 16. Be2 Bh3 17. Rf2 f5 18. d6 Kh8 19. Rd1 fxe4 20. Nxe4 Nc6 21. Bh6 Nd4 22. Bxg7+ Kxg7 23. Qc3 Rac8 24. Bc4 Qc6 25. b4 b6 26. Ba6 1-0

[Event "Barcelona Sants op 12th"]
[Site "Barcelona"]
[Date "2009.08.29"]
[Round "9"]
[White "Mihailovs, Jurijs"]
[Black "Ipatov, Alexander"]
[Result "1/2-1/2"]
[WhiteElo "2408"]
[BlackElo "2454"]
[PlyCount "30"]
[EventDate "2009.08.21"]
[EventType "swiss"]
[EventRounds "10"]
[EventCountry "ESP"]
[SourceTitle "CBM 131 Extra"]
[Source "ChessBase"]
[SourceDate "2009.09.03"]
[SourceVersion "2"]
[SourceVersionDate "2009.09.16"]
[SourceQuality "1"]

1. d4 Nf6 2. c4 g6 3. Nc3 d5 4. cxd5 Nxd5 5. e4 Nxc3 6. bxc3 Bg7 7. Bc4 c5 8. Ne2 Nc6 9. Be3 0-0 10. 0-0 Qc7 11. Rc1 Rd8 12. Qd2 a6 13. Bh6 Bh8 14. f4 b5 15. Bb3 c4 1/2-1/2

[Event "Barcelona Sants op 12th"]
[Site "Barcelona"]
[Date "2009.08.28"]
[Round "8"]
[White "Burton, Graham P"]
[Black "Mihailovs, Jurijs"]
[Result "0-1"]
[WhiteElo "2042"]
[BlackElo "2408"]
[PlyCount "40"]
[EventDate "2009.08.21"]
[EventType "swiss"]
[EventRounds "10"]
[EventCountry "ESP"]
[SourceTitle "CBM 131 Extra"]
[Source "ChessBase"]
[SourceDate "2009.09.03"]
[SourceVersion "2"]
[SourceVersionDate "2009.09.16"]
[SourceQuality "1"]

1. e4 c5 2. Nf3 e6 3. d4 cxd4 4. Nxd4 a6 5. Nc3 Qc7 6. Bd3 Nf6 7. Qe2 Bc5 8. Nb3 Bd6 9. f3 b5 10. a3 Bb7 11. f4 b4 12. axb4 Bxb4 13. 0-0 0-0 14. Bd2 Nc6 15. Ra4 Rfd8 16. f5 Be7 17. fxe6 dxe6 18. Bf4 Bd6 19. Bg5 Be5 20. Nc5 Bd4+ 0-1

[Event "Barcelona Sants op 12th"]
[Site "Barcelona"]
[Date "2009.08.24"]
[Round "4"]
[White "Martinez Duany, Lelys Stanley"]
[Black "Mihailovs, Jurijs"]
[Result "1-0"]
[WhiteElo "2507"]
[BlackElo "2408"]
[PlyCount "39"]
[EventDate "2009.08.21"]
[EventType "swiss"]
[EventRounds "10"]
[EventCountry "ESP"]
[SourceTitle "CBM 131 Extra"]
[Source "ChessBase"]
[SourceDate "2009.09.03"]
[SourceVersion "2"]
[SourceVersionDate "2009.09.16"]
[SourceQuality "1"]

1. Nf3 c5 2. g3 b6 3. Bg2 Bb7 4. 0-0 d6 5. d3 g6 6. e4 Bg7 7. Nh4 e5 8. Nc3 Bf6 9. Nf3 Ne7 10. Bh6 Nbc6 11. Nd2 Nd4 12. f4 Nc8 13. fxe5 dxe5 14. Be3 Bg5 15. Bxg5 Qxg5 16. Nd5 Bxd5 17. exd5 Nd6 18. Ne4 Qd8 19. Qd2 N4f5 20. h3 1-0

[Event "Zuerich Jubilee op"]
[Site "Zuerich"]
[Date "2009.08.13"]
[Round "7"]
[White "Pavlovic, Milos"]
[Black "Mihailovs, Jurijs"]
[Result "1-0"]
[WhiteElo "2535"]
[BlackElo "2408"]
[PlyCount "85"]
[EventDate "2009.08.09"]
[EventType "swiss"]
[EventRounds "9"]
[EventCountry "SUI"]
[SourceTitle "CBM 131 Extra"]
[Source "ChessBase"]
[SourceDate "2009.09.03"]
[SourceVersion "2"]
[SourceVersionDate "2009.09.16"]
[SourceQuality "1"]

1. e4 c5 2. Nf3 e6 3. Be2 Qc7 4. c4 Nc6 5. 0-0 Nf6 6. Nc3 a6 7. d4 cxd4 8. Nxd4 Nxd4 9. Qxd4 Bd6 10. Kh1 Be5 11. Qe3 0-0 12. f4 Bxc3 13. bxc3 e5 14. Ba3 Re8 15. Rad1 Qc6 16. fxe5 Qxe4 17. Qxe4 Nxe4 18. Bf3 Ng5 19. Bd5 Rxe5 20. Bd6 Re8 21. c5 a5 22. Rd3 Ne6 23. Rdf3 f6 24. g4 Kh8 25. h4 h6 26. Rg1 Ra6 27. g5 fxg5 28. hxg5 hxg5 29. Rh3+ Kg8 30. Rxg5 b6 31. Rhg3 Kh8 32. Rh5+ Kg8 33. Be4 Nf8 34. Rhg5 Ne6 35. Rh5 Nf8 36. Bd5+ Ne6 37. Rgh3 Kf7 38. Rf5+ Kg8 39. Rfh5 Kf7 40. Rf3+ Kg6 41. Re5 Kh7 42. Be4+ Kg8 43. Bg6 1-0

[Event "Zuerich Jubilee op"]
[Site "Zuerich"]
[Date "2009.08.10"]
[Round "3"]
[White "Gopal, Geetha Narayanan"]
[Black "Mihailovs, Jurijs"]
[Result "1-0"]
[WhiteElo "2575"]
[BlackElo "2408"]
[PlyCount "69"]
[EventDate "2009.08.09"]
[EventType "swiss"]
[EventRounds "9"]
[EventCountry "SUI"]
[SourceTitle "CBM 131 Extra"]
[Source "ChessBase"]
[SourceDate "2009.09.03"]
[SourceVersion "2"]
[SourceVersionDate "2009.09.16"]
[SourceQuality "1"]

1. e4 c5 2. Nf3 e6 3. d4 cxd4 4. Nxd4 a6 5. Nc3 Qc7 6. Bd3 Nf6 7. 0-0 Bc5 8. Nb3 Be7 9. f4 d6 10. a4 Bd7 11. Qe2 Bc6 12. Kh1 Nbd7 13. Nd4 Nc5 14. b4 Nxd3 15. cxd3 Bd7 16. Bd2 e5 17. Nc2 0-0 18. Ne3 exf4 19. Rxf4 Be6 20. Raf1 Qd8 21. Nf5 Bxf5 22. Rxf5 Rc8 23. Qf3 Qd7 24. a5 Qe6 25. Ne2 Nd7 26. Nf4 Ne5 27. Qg3 Qa2 28. Nd5 Bd8 29. Bf4 Qc2 30. Rxe5 dxe5 31. Bh6 g6 32. Qxe5 f6 33. Qe6+ Kh8 34. Bxf8 Qf2 35. Rg1 1-0

[Event "Pamplona San Juan op 3rd"]
[Site "Pamplona"]
[Date "2009.07.29"]
[Round "4"]
[White "Mihailovs, Jurijs"]
[Black "Suba, Mihai"]
[Result "1/2-1/2"]
[WhiteElo "2408"]
[BlackElo "2540"]
[PlyCount "111"]
[EventDate "2009.07.27"]
[EventType "swiss"]
[EventRounds "9"]
[EventCountry "ESP"]
[SourceTitle "CBM 131 Extra"]
[Source "ChessBase"]
[SourceDate "2009.09.03"]
[SourceVersion "2"]
[SourceVersionDate "2009.09.16"]
[SourceQuality "1"]

1. d4 Nf6 2. c4 e6 3. Nf3 c5 4. d5 d6 5. Nc3 exd5 6. cxd5 g6 7. Bf4 a6 8. e4 b5 9. Qe2 Be7 10. e5 dxe5 11. Bxe5 Nbd7 12. Bf4 0-0 13. d6 Bxd6 14. Bxd6 Re8 15. Ne5 b4 16. Na4 Nxe5 17. Bxe5 Bg4 18. f3 Nd7 19. 0-0-0 Qa5 20. b3 Rxe5 21. Qb2 Be6 22. Rxd7 c4 23. Rd1 Rc8 24. Bxc4 Bxc4 25. bxc4 Re3 26. Qf2 Ra3 27. Nb2 Rxa2 28. Qe3 Qa3 29. Qxa3 bxa3 30. Nd3 Rxc4+ 31. Kb1 Rxg2 32. f4 Rc3 33. h4 h5 34. f5 Kg7 35. fxg6 fxg6 36. Rhf1 Re2 37. Nf4 Rb2+ 38. Ka1 Rcc2 39. Rd7+ Kh6 40. Nd3 Rd2 41. Rg1 Rb6 42. Rd5 a2 43. Rd7 Rh2 44. Ne5 Rb1+ 45. Rxb1 axb1Q+ 46. Kxb1 Rxh4 47. Rd6 Rh1+ 48. Kc2 Rg1 49. Rxa6 h4 50. Kd3 h3 51. Nf3 Rg2 52. Ke3 Kh5 53. Ra5+ g5 54. Nxg5 Rxg5 55. Rxg5+ Kxg5 56. Kf2 1/2-1/2

[Event "Barbera del Valles op 32nd"]
[Site "Barbera del Valles"]
[Date "2009.07.10"]
[Round "7"]
[White "Mihailovs, Jurijs"]
[Black "Abhishek, Kelkar"]
[Result "1-0"]
[WhiteElo "2408"]
[BlackElo "2158"]
[PlyCount "87"]
[EventDate "2009.07.04"]
[EventType "swiss"]
[EventRounds "9"]
[EventCountry "ESP"]
[SourceTitle "CBM 131 Extra"]
[Source "ChessBase"]
[SourceDate "2009.09.03"]
[SourceVersion "2"]
[SourceVersionDate "2009.09.16"]
[SourceQuality "1"]

1. d4 d5 2. c4 c6 3. Nc3 Nf6 4. e3 e6 5. Qc2 Nbd7 6. Bd2 Bd6 7. Bd3 dxc4 8. Bxc4 e5 9. Nge2 0-0 10. 0-0-0 Nb6 11. Bd3 c5 12. dxc5 Bxc5 13. Ne4 Nxe4 14. Bxe4 Qe7 15. Bxh7+ Kh8 16. Bf5 Nc4 17. Bc3 Bxe3+ 18. fxe3 Nxe3 19. Qe4 Nxf5 20. Kb1 Qh4 21. Qxe5 f6 22. Qc5 Be6 23. Ng3 Rac8 24. Qb4 Qxb4 25. Bxb4 Rfd8 26. Rde1 Bc4 27. Bc3 Bd3+ 28. Ka1 Kg8 29. Nxf5 Bxf5 30. g4 Bd7 31. g5 Bc6 32. Rhg1 fxg5 33. Rxg5 Rd7 34. Reg1 Re8 35. Bxg7 Kf7 36. Rf1+ Kg8 37. Bf6+ Kh7 38. Rfg1 Bf3 39. b3 Re6 40. Bc3 Kh6 41. R1g3 Re2 42. Bg7+ Kh7 43. Rh3+ Kg8 44. Bc3+ 1-0

[Event "Barbera del Valles op 32nd"]
[Site "Barbera del Valles"]
[Date "2009.07.09"]
[Round "6"]
[White "Javakhadze, Zurab"]
[Black "Mihailovs, Jurijs"]
[Result "1/2-1/2"]
[WhiteElo "2309"]
[BlackElo "2408"]
[PlyCount "66"]
[EventDate "2009.07.04"]
[EventType "swiss"]
[EventRounds "9"]
[EventCountry "ESP"]
[SourceTitle "CBM 131 Extra"]
[Source "ChessBase"]
[SourceDate "2009.09.03"]
[SourceVersion "2"]
[SourceVersionDate "2009.09.16"]
[SourceQuality "1"]

1. Nf3 c5 2. g3 b6 3. Bg2 Bb7 4. 0-0 g6 5. c4 Bg7 6. Nc3 d6 7. d3 Nc6 8. Bd2 e6 9. Rb1 Nge7 10. a3 0-0 11. b4 Qd7 12. e4 Rad8 13. Qc1 cxb4 14. axb4 d5 15. exd5 exd5 16. c5 bxc5 17. bxc5 Ba6 18. Ne1 Ne5 19. Qa3 Qc6 20. Na2 Bb5 21. Qxa7 Ra8 22. Qxe7 Rxa2 23. Bc3 Nxd3 24. Bxg7 Kxg7 25. Nxd3 Bxd3 26. Rb6 Re8 27. Rxc6 Rxe7 28. Rc1 Bc4 29. Bf3 Rd7 30. Rd1 Bb3 31. Rb1 Bc4 32. Rd1 Bb3 33. Rd3 Bc4 1/2-1/2

[Event "Mecklenburg VP LL2 West 0809"]
[Site "Mecklenburg VP"]
[Date "2009.01.18"]
[Round "5.1"]
[White "Mihailovs, Jurijs"]
[Black "Kupfernagel, Michael"]
[Result "1-0"]
[WhiteElo "2393"]
[BlackElo "1941"]
[PlyCount "109"]
[EventDate "2008.10.05"]
[EventType "team-tourn"]
[EventRounds "9"]
[EventCountry "GER"]
[SourceTitle "EXT 2022"]
[Source "ChessBase"]
[SourceDate "2021.10.06"]
[SourceVersion "1"]
[SourceVersionDate "2021.10.06"]
[SourceQuality "1"]
[WhiteTeam "Grevesmuehlen Blau Weiss"]
[BlackTeam "Schwerin SF II"]
[WhiteTeamCountry "GER"]
[BlackTeamCountry "GER"]

1. d4 Nf6 2. c4 g6 3. Nc3 Bg7 4. e4 d6 5. f3 0-0 6. Be3 Nbd7 7. Nge2 c5 8. d5 a6 9. Ng3 Ne8 10. Qd2 Rb8 11. a4 Qa5 12. Be2 Qb4 13. h3 Ne5 14. Nd1 Qxd2+ 15. Kxd2 e6 16. f4 Nd7 17. Nc3 Nc7 18. Kc2 exd5 19. Nxd5 Nxd5 20. cxd5 Re8 21. Bd2 Nf6 22. Bf3 b5 23. axb5 axb5 24. Rhe1 Nd7 25. Ra7 Bf6 26. Ne2 b4 27. b3 Nb6 28. Nc1 Bd7 29. g4 Bb5 30. Ra5 Nd7 31. Be2 Bxe2 32. Rxe2 Ra8 33. Rxa8 Rxa8 34. Be3 Bc3 35. Kd3 f6 36. Ra2 Rxa2 37. Nxa2 Be1 38. Ke2 Bh4 39. Nc1 Kf7 40. Nd3 g5 41. e5 fxe5 42. fxe5 Ke7 43. Kf3 dxe5 44. Bxc5+ Nxc5 45. Nxc5 Kd6 46. Nd3 Kxd5 47. Nxb4+ Kd4 48. Nc6+ Kd5 49. Ne7+ Kd4 50. Ke2 Kc3 51. Nf5 Kxb3 52. Nxh4 gxh4 53. Kd3 Kb4 54. Ke4 Kc5 55. Kxe5 1-0

[Event "Mecklenburg VP LL2 West 0809"]
[Site "Mecklenburg VP"]
[Date "2008.11.30"]
[Round "3.1"]
[White "Mihailovs, Jurijs"]
[Black "Potthammel, Joerg"]
[Result "1-0"]
[WhiteElo "2375"]
[BlackElo "2061"]
[PlyCount "73"]
[EventDate "2008.10.05"]
[EventType "team-tourn"]
[EventRounds "9"]
[EventCountry "GER"]
[SourceTitle "EXT 2022"]
[Source "ChessBase"]
[SourceDate "2021.10.06"]
[SourceVersion "1"]
[SourceVersionDate "2021.10.06"]
[SourceQuality "1"]
[WhiteTeam "Grevesmuehlen Blau Weiss"]
[BlackTeam "Malchow Schachinsel"]
[WhiteTeamCountry "GER"]
[BlackTeamCountry "GER"]

1. d4 Nf6 2. c4 g6 3. Nc3 d5 4. cxd5 Nxd5 5. e4 Nxc3 6. bxc3 Bg7 7. Bc4 c5 8. Ne2 0-0 9. Be3 Nc6 10. 0-0 cxd4 11. cxd4 Bg4 12. f3 Na5 13. Bd5 Bc8 14. Bg5 h6 15. Bh4 g5 16. Bf2 e6 17. Bb3 b6 18. Bc2 Ba6 19. Re1 Rc8 20. Rc1 Qd6 21. Ng3 Rfd8 22. e5 Qa3 23. f4 Qb2 24. Nh5 Rd7 25. Qd2 Kf8 26. Nxg7 Rdc7 27. fxg5 Rxc2 28. Rxc2 Rxc2 29. Qf4 Rxf2 30. Nxe6+ Ke7 31. Qxf2 Qxf2+ 32. Kxf2 fxe6 33. gxh6 Bd3 34. Re3 Bg6 35. Rg3 Kf7 36. d5 exd5 37. e6+ 1-0

[Event "Riga Tal Cup"]
[Site "Riga"]
[Date "2008.08.23"]
[Round "8"]
[White "Mihailovs, Jurijs"]
[Black "Sveshnikov, Evgeny"]
[Result "1/2-1/2"]
[WhiteElo "2388"]
[BlackElo "2510"]
[PlyCount "78"]
[EventDate "2008.08.19"]
[EventType "swiss"]
[EventRounds "9"]
[EventCountry "LAT"]
[SourceTitle "EXT 2009"]
[Source "ChessBase"]
[SourceDate "2008.11.26"]
[SourceVersion "1"]
[SourceVersionDate "2008.11.26"]
[SourceQuality "1"]

1. d4 d5 2. Nf3 c6 3. c4 e6 4. Nc3 Nf6 5. cxd5 exd5 6. Qc2 Na6 7. a3 Nc7 8. Bf4 Bg4 9. e3 Bd6 10. Bxd6 Qxd6 11. Ne5 Bh5 12. Bd3 Bg6 13. Na4 Bxd3 14. Nxd3 0-0 15. Rc1 Rfe8 16. Nac5 Rab8 17. Ne5 Ne6 18. 0-0 Nxc5 19. Qxc5 Qxc5 20. Rxc5 Ne4 21. Rc2 Re7 22. Nd3 f6 23. g3 g5 24. Nc5 Nd6 25. b3 Rbe8 26. Kg2 h5 27. a4 Nf5 28. Rc3 Nd6 29. Rfc1 Kg7 30. Rh1 Nf5 31. h3 h4 32. g4 Nd6 33. Nd3 Rf8 34. Re1 Rfe8 35. Rc2 a6 36. Rce2 Ne4 37. Rc2 Nd6 38. Rce2 Ne4 39. Rc2 Nd6 1/2-1/2

[Event "Barbera del Valles op 31st"]
[Site "Barbera del Valles"]
[Date "2008.07.12"]
[Round "8"]
[White "Debray, Tristan"]
[Black "Mihailovs, Jurijs"]
[Result "1/2-1/2"]
[WhiteElo "2145"]
[BlackElo "2388"]
[PlyCount "108"]
[EventDate "2008.07.04"]
[EventType "swiss"]
[EventRounds "9"]
[EventCountry "ESP"]
[SourceTitle "CBM 125 Extra"]
[Source "ChessBase"]
[SourceDate "2008.09.01"]
[SourceVersion "1"]
[SourceVersionDate "2008.09.01"]
[SourceQuality "1"]

1. e4 c5 2. Nc3 a6 3. g3 b5 4. Bg2 Bb7 5. d3 e6 6. Nf3 Nf6 7. e5 Nd5 8. Ne4 Qc7 9. 0-0 h6 10. Re1 Nc6 11. c4 Nb6 12. b3 Be7 13. Bb2 Rg8 14. Qd2 g5 15. g4 bxc4 16. dxc4 Rg6 17. Nd6+ Kf8 18. Rad1 Rd8 19. Ba3 f6 20. Bxc5 Ba8 21. Qe3 Nc8 22. Nxc8 Rxc8 23. Bxe7+ Kxe7 24. Qc5+ Kf7 25. exf6 Rxf6 26. Ne5+ Nxe5 27. Qxc7 Rxc7 28. Rxe5 Bxg2 29. Kxg2 Ke7 30. Ra5 Rc6 31. c5 Rf4 32. f3 e5 33. Rd6 Rxc5 34. Rxc5 Kxd6 35. Ra5 e4 36. fxe4 Rxg4+ 37. Kf3 Rf4+ 38. Kg3 Rxe4 39. Rxa6+ Ke5 40. Rxh6 d5 41. Rh5 Kf5 42. Rh8 Re2 43. Rd8 Ke4 44. Re8+ Kd3 45. Rxe2 Kxe2 46. a4 d4 47. a5 d3 48. a6 d2 49. a7 d1Q 50. a8Q Qxb3+ 51. Kg4 Qe6+ 52. Kxg5 Qe5+ 53. Kg4 Qe6+ 54. Kf4 Qf6+ 1/2-1/2

[Event "Barbera del Valles op 31st"]
[Site "Barbera del Valles"]
[Date "2008.07.10"]
[Round "6"]
[White "Cuartas, Jaime Alexander"]
[Black "Mihailovs, Jurijs"]
[Result "1/2-1/2"]
[WhiteElo "2495"]
[BlackElo "2388"]
[PlyCount "104"]
[EventDate "2008.07.04"]
[EventType "swiss"]
[EventRounds "9"]
[EventCountry "ESP"]
[SourceTitle "CBM 125 Extra"]
[Source "ChessBase"]
[SourceDate "2008.09.01"]
[SourceVersion "1"]
[SourceVersionDate "2008.09.01"]
[SourceQuality "1"]

1. e4 c5 2. Nf3 e6 3. c3 d5 4. exd5 Qxd5 5. d4 Nf6 6. Na3 Qd8 7. Nc4 Nc6 8. Nce5 Nxe5 9. Nxe5 a6 10. Be3 Qc7 11. Qa4+ Bd7 12. Nxd7 Qxd7 13. Qxd7+ Nxd7 14. Be2 cxd4 15. Bxd4 e5 16. Be3 Bc5 17. Bxc5 Nxc5 18. 0-0-0 Rd8 19. Rxd8+ Kxd8 20. b4 Ne6 21. Bf3 Kc7 22. Rd1 Rd8 23. Rxd8 Nxd8 24. Bd5 Kd6 25. c4 b6 26. Kd2 f6 27. a3 Nc6 28. Bxc6 Kxc6 29. g4 g6 30. Ke3 f5 31. gxf5 gxf5 32. Kf3 Kd6 33. Kg3 h6 34. Kf3 Kc6 35. Kg2 Kd7 36. Kh3 Kd6 37. Kg3 Kc6 38. f3 Kd6 39. h3 Kc6 40. Kf2 Kd6 41. Ke3 h5 42. h4 Kc6 43. Kd3 Kd6 44. Kc3 Kc6 45. Kd2 Kd6 46. Ke2 Kc6 47. f4 e4 48. Ke3 Kd6 49. Kd4 Kc6 50. Kc3 Kd6 51. Kd4 Kc6 52. Kc3 Kd6 1/2-1/2

[Event "Barbera del Valles op 31st"]
[Site "Barbera del Valles"]
[Date "2008.07.09"]
[Round "5"]
[White "Mihailovs, Jurijs"]
[Black "Vilela de Acuna, Jose Luis"]
[Result "1-0"]
[WhiteElo "2388"]
[BlackElo "2347"]
[PlyCount "115"]
[EventDate "2008.07.04"]
[EventType "swiss"]
[EventRounds "9"]
[EventCountry "ESP"]
[SourceTitle "CBM 125 Extra"]
[Source "ChessBase"]
[SourceDate "2008.09.01"]
[SourceVersion "1"]
[SourceVersionDate "2008.09.01"]
[SourceQuality "1"]

1. d4 Nf6 2. c4 e6 3. Nf3 b6 4. a3 Bb7 5. Nc3 d5 6. cxd5 Nxd5 7. Qc2 Nxc3 8. Qxc3 Nd7 9. Bg5 Be7 10. Bxe7 Kxe7 11. e3 Nf6 12. Be2 Qd6 13. 0-0 Rhc8 14. Rfd1 c5 15. Qe1 Kf8 16. Rac1 Qe7 17. dxc5 Rxc5 18. Rxc5 Qxc5 19. Rc1 Qd6 20. Nd4 a6 21. Qf1 g6 22. h3 Kg7 23. Qd1 Rd8 24. Qa4 b5 25. Qa5 Rc8 26. Rxc8 Bxc8 27. Qc3 Bb7 28. Nb3 e5 29. Nc5 Ne4 30. Nxb7 Nxc3 31. Nxd6 Nxe2+ 32. Kf1 Nc1 33. Ne8+ Kf8 34. Nc7 Nd3 35. Nxa6 Nxb2 36. Nc7 Ke7 37. Nxb5 Kd7 38. Ke2 Kc6 39. Nc3 f5 40. e4 Kc5 41. exf5 gxf5 42. g4 fxg4 43. hxg4 Kd4 44. Nb5+ Kc4 45. Nd6+ Kb3 46. Nf7 Kxa3 47. Nxe5 Kb4 48. Nd3+ Nxd3 49. Kxd3 Kc5 50. Ke4 Kd6 51. Kf5 Ke7 52. Kg5 Kf7 53. Kh6 Kg8 54. f4 Kh8 55. g5 Kg8 56. f5 Kh8 57. f6 Kg8 58. f7+ 1-0